|
|
|
|
| LEADER |
00000nam0a2200000 4500 |
| 001 |
95815 |
| 005 |
20231031110302.0 |
| 010 |
|
|
|b 4000 экз.
|a 595180132X
|b (в пер.)
|
| 021 |
|
|
|a RU
|b 05-77726
|9 05-3834
|
| 035 |
|
|
|a (RuTPU)RU\TPU\book\102579
|
| 090 |
|
|
|a 95815
|
| 100 |
|
|
|a 20060504d2006 km y0rusy5002 ca
|
| 101 |
1 |
|
|a rus
|c eng
|
| 102 |
|
|
|a RU
|
| 105 |
|
|
|a a z 001zy
|
| 200 |
1 |
|
|a Как программировать на С
|e пер. с англ.
|f Х. М. Дейтел, П. Д. Дейтел
|g под ред. В. В. Тимофеева
|
| 205 |
|
|
|a 4-е изд.
|
| 210 |
|
|
|a Москва
|c БИНОМ
|d 2006
|
| 215 |
|
|
|a 908 с.
|c ил.
|
| 320 |
|
|
|a Предметный указатель: с. 893-908.
|
| 330 |
|
|
|a Книга является общепризнанным руководством для изучения языка С, который был в свое время разработан специально как язык реализации операционной системы UNIX. Приводится полное описание языка, ориентированное на его практическое изучение. Кроме того, дополнительно излагается C++ — язык, являющийся логическим развитием С в сторону современных идей программирования, таких, как объекты, классовая иерархия, полиморфизм, шаблоны и т. д. Весь изучаемый материал сопровождается содержательными примерами «живого кода», позволяющими читателю детально разобраться в обсуждаемом вопросе и демонстрирующими широко применяемые приемы программирования, алгоритмы и структуры данных. В конце каждой главы дается резюме ее основных понятий и принципов, используемой терминологии, предлагаются контрольные вопросы и упражнения для самостоятельного решения. Изложение построено таким образом, что книга позволяет изучать C/C++ в качестве «первого языка» программирования. Адресована прежде всего изучающим программирование в учебных заведениях, но может с успехом использоваться и теми, кто хочет освоить язык C/C++ самостоятельно.
|
| 610 |
1 |
|
|a алгоритмические языки
|
| 610 |
1 |
|
|a языки программирования
|
| 610 |
1 |
|
|a функции
|
| 610 |
1 |
|
|a использование
|
| 610 |
1 |
|
|a теория
|
| 610 |
1 |
|
|a упражнения
|
| 610 |
1 |
|
|a контрольные вопросы
|
| 610 |
1 |
|
|a персональные компьютеры
|
| 610 |
1 |
|
|a Интернет
|
| 610 |
1 |
|
|a WWW
|
| 610 |
1 |
|
|a World Wide Web
|
| 610 |
1 |
|
|a C
|
| 610 |
1 |
|
|a C++
|
| 675 |
|
|
|a 681.3.06:800.92
|v 3
|z rus
|
| 700 |
|
1 |
|a Дейтел
|b Х. М.
|g Харви М.
|
| 701 |
|
1 |
|a Дейтел
|b П. Д.
|g Пол Д.
|
| 702 |
|
1 |
|a Тимофеев
|b В. В.
|4 340
|
| 801 |
|
0 |
|a RU
|b RKP
|c 20060202
|g PSBO
|
| 801 |
|
1 |
|a RU
|b 63413507
|c 20060504
|g PSBO
|
| 801 |
|
2 |
|a RU
|b 63413507
|c 20141212
|g PSBO
|
| 942 |
|
|
|c BK
|